000 02192cam a2200433 i 4500
999 _c331756
_d331756
001 18255849
003 NUST
005 20171024122330.0
008 140806s2011 ua b 000 0 ara
010 _a 2014371875
020 _a9694160006
040 _aDLC
_beng
_erda
_cDLC
041 1 _aara
_heng
042 _apcc
050 0 0 _aBP161
_b.I7125 2011
066 _c(3
082 _a297.04
_bIQB
100 1 _6880-01
_aIqbal, Muhammad,
_cSir,
_d1877-1938.
_920
245 1 0 _6880-02
_aTajdīd fikriyat -ie- Islām /
_bAllama Muhammad Iqbal kay angrizee khutbat ka Urdu tarjuma/
_ctaʼlīf Muḥammad Iqbāl ; tarjamat Wahid Ishrat
264 1 _6880-03
_aLahore :
_bIqbal academy,
_c2007.
300 _a290 pages ;
_c25 cm.
336 _atext
_btxt
_2rdacontent
337 _aunmediated
_bn
_2rdamedia
338 _avolume
_bnc
_2rdacarrier
504 _aIncludes bibliographical references.
546 _aIn Arabic; translated from English.
650 0 _aIslam
_y20th century.
_95585
650 0 _aPhilosophy and religion.
_95586
700 1 _aVahid Ishrat
_95587
880 1 _6100-01/(3/r‏
_a‏إقبال، محمد.
880 1 0 _6245-02/(3/r‏
_aتجدید فکریات اسلام:
_bعلامہ محمد اقبال کے انگریزی خطبات کا اردو ترجمہ
_cمحمد اقبال: ترجمہ وحید عشرت: نظر ثانی عبد الخالق
880 1 _6260-03/(3/r‏
_aلاہور:
_bاقبال اکیڈیمی پاکستان
_c‏‪2007
906 _a7
_bcbc
_corigres
_d3
_encip
_f20
_gy-nonroman
942 _2ddc
_cBK